El "no a la mina" de Esquel como acontecimientos: otro mundo posible /
Salvato in:
| Autore principale: | |
|---|---|
| Natura: | testo |
| Tags: |
Aggiungi Tag
Nessun Tag, puoi essere il primo ad aggiungerne!!
|
MARC
| LEADER | 00000 a a2200000 04500 | ||
|---|---|---|---|
| 001 | 47499 | ||
| 003 | |||
| 040 | |||
| 100 | |a Marín, Marcela Cecilia | ||
| 245 | |a El "no a la mina" de Esquel como acontecimientos: |b otro mundo posible / |c Marcela Cecilia Marín | ||
| 773 | |g páginas 181-203 | ||
| 999 | |c 26051 |d 26051 | ||
